000 00737nam a2200205 a 4500
001 16788
003 CO-ViMGA
008 141112s2004 ck r 000 u spa d
020 _a9682465893
040 _aCO-ViMGA
_bspa
_cCO-ViMGA
082 0 4 _a614.88 E574m
100 1 _aRubio Acevedo, Soledad Enríquez; Macías Narro, Alfredo
_923739
245 1 0 _aManual práctico de primeros auxilios
260 _aMexico ,
_cTrillas,
_c2003
300 _a115.p.il.
505 _aPrimeros auxilios Contusiones y fracturas Quemaduras y choque Heridas y hemorragias Ahogamiento y asfixia Paro cardiaco y paro respiratorio
590 _aForma de adquisición : Premio - Mincultura
650 1 4 _aPRIMEROS AUXILIOS - MANUALES
_96593
942 _2ddc
_cBK
999 _c26440
_d26440